000 00950nam a2200265 i 4500
005 20160217104017.0
008 160217s2005 ck ||||| |||| 00| 0 spa d
020 _a9589777058
040 _aCO-BoIAVH
_cCO-BoIAVH
041 _aspa
082 0 4 _a581.634
_bC52p
100 1 _aCheucarama Peña, Fidel
245 1 0 _aPlantas curativas y medicinales de uso frecuente :
_bpueblos, Embera, Wounaan, Katío y Chamí del Bajo Atrato, Chocó
260 _aChocó :
_bIIAP,
_c2005.
300 _a40 páginas ;
_c27 cm.
490 0 0 _aSerie recuperando tradiciones ;
_v2
650 1 4 _aPlantas medicinales
_zChocó (Colombia)
650 2 4 _aMedicina tradicional
_xChocó (Colombia)
650 2 4 _aPlamtas útiles
_zChocó (Colombia)
650 2 4 _aComunidades indígenas
700 1 _aYabur Andrade, Nelson,
_eautor.
700 1 _aPineda Ariza, Ciro,
_eautor.
942 _cLIBRO
_2ddc
945 _d2007-06-21
999 _c5650
_d5650